Online
Catalog

Educación y reformas políticas y económicas / (Record no. 42286)

MARC details
000 -CABECERA
campo de control de longitud fija 00775nam a2200181 a 4500
001 - NÚMERO DE CONTROL
campo de control 000042797
005 - FECHA Y HORA DE LA ÚLTIMA TRANSACCIÓN
campo de control 20250123131622.0
008 - DATOS DE LONGITUD FIJA--INFORMACIÓN GENERAL
campo de control de longitud fija 140210s1993 dr 000 s spa d
040 ## - FUENTE DE LA CATALOGACIÓN
Centro catalogador/agencia de origen DO-SdBNP
Lengua de catalogación spa
Centro/agencia transcriptor BNPHU
082 ## - NÚMERO DE LA CLASIFICACIÓN DECIMAL DEWEY
Número de clasificación xxxx
Número de documento/Ítem xxxx
245 00 - MENCIÓN DE TÍTULO
Título Educación y reformas políticas y económicas /
Mención de responsabilidad, etc. presentación ; Rocío Hernández Mella.
260 ## - PUBLICACIÓN, DISTRIBUCIÓN, ETC.
Lugar de publicación, distribución, etc. Santo Domingo :
Nombre del editor, distribuidor, etc. Imprenta La Palabra,
Fecha de publicación, distribución, etc. 1993.
300 ## - DESCRIPCIÓN FÍSICA
Extensión 38 p. ;
Dimensiones 21 cm.
490 1# - MENCIÓN DE SERIE
Mención de serie Plan educativo
Designación de volumen o secuencia 23
505 0# - NOTA DE CONTENIDO CON FORMATO
Título Reformas económicas y desarrollo del recurso humano
Mención de responsabilidad Antonio Isa Conde
Título Reformas políticas y la educación
Mención de responsabilidad Faustino Collado
Título Algunas ideas sobres reformas políticas y educación
Mención de responsabilidad Virtudes Álvaresz
700 12 - PUNTO DE ACCESO ADICIONAL--NOMBRE DE PERSONA
Nombre de persona Hernández Mella, Rocio
Término indicativo de función/relación prest.
9 (RLIN) 12263
830 #0 - PUNTO DE ACCESO ADICIONAL DE SERIE-TÍTULO UNIFORME
Título uniforme Plan educativo ;
Número de parte o sección de la obra 23
9 (RLIN) 70141
Holdings
Estado de retiro Estado de pérdida No para préstamo Código de colección Localización permanente Ubicación/localización actual Ubicación en estantería Fecha de adquisición Número de inventario Total de préstamos Signatura topográfica completa Código de barras Fecha visto por última vez Precio válido a partir de Tipo de ítem Koha
    Excluido de préstamo Patrimonio Dominicano General General En catalogación 10.02.2014 LF1   xxxx xxxx 42797-10 25.06.2020 25.06.2020 Libro y Folleto Colección Patrimonio Dominicano

Powered by Koha